[Event "3rd Kolkata GM Open 2018"]
[Site "Kolkata IND"]
[Date "2018.05.20"]
[Round "7.15"]
[White "Islam, Kh. Aminul"]
[Black "Vishnu Prasanna, V"]
[Result "1/2-1/2"]
[WhiteTitle "FM"]
[BlackTitle "GM"]
[WhiteElo "2296"]
[BlackElo "2532"]
[WhiteFideId "10200975"]
[BlackFideId "5030692"]
[EventDate "2018.05.14"]

1. d4 f5 2. e4 fxe4 3. Nc3 Nf6 4. Bg5 g6 5. h4 d5 6. h5 Bg7 7. h6 Bf8 8. Qd2 e6
9. O-O-O Be7 10. f3 exf3 11. Nxf3 O-O 12. Re1 Nc6 13. Bb5 Nb4 14. Ne5 a6 15. Bd3
Nxd3+ 16. Qxd3 Nd7 17. Bxe7 Qxe7 18. Nf3 Nb6 19. Ne5 Bd7 20. Kb1 Rf6 21. b3 Raf8
22. Rh3 Be8 23. Rhe3 Bd7 24. R3e2 Bc8 25. Qe3 Rf5 26. g4 Rf4 27. Nd3 Rxg4 28.
Rg1 Rxg1+ 29. Qxg1 Rf5 30. Kb2 Bd7 31. a4 Be8 32. Qe1 Bf7 33. Nc5 e5 34. a5 e4
35. axb6 cxb6 36. N5xe4 dxe4 37. Nxe4 Qd8 38. Qd2 Bd5 39. Nc3 Bc6 40. Qe3 Qd6
41. d5 Bd7 42. Qd4 Qf6 43. Qc4 b5 44. Qb4 Rxd5 1/2-1/2

[Event "3rd Kolkata GM Open 2018"]
[Site "Kolkata IND"]
[Date "2018.05.20"]
[Round "7.16"]
[White "Tran, Tuan Minh"]
[Black "Sekar, B"]
[Result "1-0"]
[WhiteTitle "GM"]
[WhiteElo "2512"]
[BlackElo "2304"]
[WhiteFideId "12401820"]
[BlackFideId "5043743"]
[EventDate "2018.05.14"]

1. d4 Nf6 2. Bg5 d5 3. Bxf6 exf6 4. e3 Bd6 5. g3 O-O 6. Bg2 c6 7. Nd2 Nd7 8. Ne2
f5 9. c4 dxc4 10. Nxc4 Bc7 11. O-O Nf6 12. Nc3 Be6 13. Qd3 Qe7 14. Rab1 a5 15.
a3 a4 16. Nd2 Ba5 17. Nc4 Rfd8 18. Rfd1 h5 19. Nd2 h4 20. Qc2 hxg3 21. hxg3 Ng4
22. Nxa4 Ba2 23. Nf1 Bxb1 24. Rxb1 g6 25. b4 Bc7 26. Nc5 Rxa3 27. b5 cxb5 28.
Nxb7 Rda8 29. Rc1 Bd8 30. Qc6 Ra2 31. Bd5 R2a6 32. Qxb5 Rb6 33. Qc5 Rb8 34. Qxe7
Bxe7 35. Na5 Bd6 36. Nc4 Ra6 37. Nfd2 Nf6 38. Bf3 Kf8 39. Kg2 Ke7 40. Rc2 Ra7
41. Bc6 Rc7 42. d5 Ne8 43. e4 f6 44. exf5 gxf5 45. Nf3 Rbc8 46. Nd4 Be5 47.
Nxf5+ Kf8 48. f4 Ba1 49. Nb6 Rd8 50. Rc1 Bb2 51. Rb1 Bc3 52. Na4 Bd2 53. Nc5
Rxc6 54. dxc6 Rd5 55. Ne6+ Kf7 56. Nfd4 Nd6 57. Rb7+ 1-0

[Event "3rd Kolkata GM Open 2018"]
[Site "Kolkata IND"]
[Date "2018.05.20"]
[Round "7.17"]
[White "Rahman, Ziaur"]
[Black "Gomes, Mary Ann"]
[Result "1-0"]
[WhiteTitle "GM"]
[BlackTitle "WGM"]
[WhiteElo "2495"]
[BlackElo "2290"]
[WhiteFideId "10200037"]
[BlackFideId "5013623"]
[EventDate "2018.05.14"]

1. d4 g6 2. e4 Bg7 3. Nf3 d6 4. Bd3 Nf6 5. O-O O-O 6. Re1 c5 7. c3 Bg4 8. Nbd2
cxd4 9. cxd4 Nc6 10. h3 Bxf3 11. Nxf3 Nd7 12. Be3 e5 13. Bf1 exd4 14. Nxd4 Nxd4
15. Bxd4 Be5 16. Re3 Nc5 17. Bc4 Qf6 18. Rf3 Qe7 19. Bd5 Ne6 20. Be3 Ng5 21.
Bxg5 Qxg5 22. Qa4 Rac8 23. g3 Rc7 24. Qxa7 Kg7 25. Qa4 Qd2 26. Qd1 Qxb2 27. Rb1
Qd4 28. Qxd4 Bxd4 29. Rxb7 Rxb7 30. Bxb7 f5 31. exf5 Rxf5 32. Rxf5 gxf5 33. Kg2
Kf6 34. f4 Bc3 35. Kf3 h5 36. Ke2 Bb4 37. a4 Ba5 38. Bf3 Kg6 39. Kd3 Be1 40. g4
hxg4 41. hxg4 fxg4 42. Bxg4 Kf6 43. Kd4 Bd2 44. f5 Ba5 1-0

[Event "3rd Kolkata GM Open 2018"]
[Site "Kolkata IND"]
[Date "2018.05.20"]
[Round "7.18"]
[White "Neelash, Saha"]
[Black "Neelotpal, Das"]
[Result "1/2-1/2"]
[BlackTitle "GM"]
[WhiteElo "2280"]
[BlackElo "2452"]
[WhiteFideId "5094160"]
[BlackFideId "5003512"]
[EventDate "2018.05.14"]

1. d4 Nf6 2. Bg5 Ne4 3. Bf4 d5 4. f3 Nf6 5. e4 e6 6. e5 Nfd7 7. Be3 c5 8. c3 Nc6
9. f4 a6 10. Nf3 b5 11. Bd3 cxd4 12. cxd4 Nb4 13. Be2 Nb6 14. O-O Be7 15. a3 Nc6
16. Bd3 Bd7 17. Nc3 b4 18. Ne2 bxa3 19. bxa3 Na5 20. Nd2 O-O 21. Rf3 g6 22. Rh3
Bb5 23. Nf3 Na4 24. Bxb5 axb5 25. Ng5 Nc4 26. Bc1 Bxg5 27. fxg5 b4 28. Qe1 Nc3
29. Nxc3 bxc3 30. Qh4 h5 31. g4 Kg7 32. gxh5 gxh5 33. Rxc3 Rc8 34. Rf3 Qb6 35.
Qf4 Kg8 36. Bd2 Nxd2 37. Qxd2 Rc2 38. Qxc2 Qxd4+ 39. Kg2 Qxa1 40. Qe2 Qd4 41.
Rf2 Qh4 42. Qe3 Ra8 43. Qf3 Qxg5+ 44. Kh1 Qxe5 45. Qxf7+ Kh8 46. Qf3 Rg8 47. h3
Qg5 48. Rg2 Qc1+ 49. Kh2 Qc7+ 50. Kh1 Qc1+ 51. Kh2 Qc7+ 52. Kh1 Qc1+ 1/2-1/2

[Event "3rd Kolkata GM Open 2018"]
[Site "Kolkata IND"]
[Date "2018.05.20"]
[Round "7.19"]
[White "Laxman, R.R."]
[Black "Ojas, Kulkarni"]
[Result "1-0"]
[WhiteTitle "GM"]
[WhiteElo "2444"]
[BlackElo "2251"]
[WhiteFideId "5005361"]
[BlackFideId "25040073"]
[EventDate "2018.05.14"]

1. d4 Nf6 2. Nf3 g6 3. c4 Bg7 4. Nc3 d5 5. cxd5 Nxd5 6. Bd2 Nb6 7. e3 O-O 8. Rc1
Nc6 9. Bb5 e5 10. Bxc6 exd4 11. Be4 dxc3 12. Bxc3 Qxd1+ 13. Kxd1 Re8 14. Bxg7
Kxg7 15. Nd2 c6 16. Ke2 Be6 17. Bb1 Rad8 18. Rhd1 Nd5 19. Ne4 Bf5 20. Nc5 Bxb1
21. Rxb1 b6 22. Nd3 c5 23. Rbc1 f5 24. g3 Rd6 25. b4 cxb4 26. Nxb4 Red8 27. Nxd5
Rxd5 28. Rc7+ Kh6 29. Rxd5 Rxd5 30. Rxa7 Rb5 31. h4 Rb2+ 32. Kf3 b5 33. a3 b4
34. axb4 Rxb4 35. Rd7 Rb2 36. Rf7 Rb4 37. Re7 Rb2 38. Kg2 Ra2 39. Rf7 Rb2 40. g4
fxg4 41. Kg3 g5 42. hxg5+ Kxg5 43. Rg7+ Kf5 44. Rxg4 Rxf2 45. e4+ 1-0

[Event "3rd Kolkata GM Open 2018"]
[Site "Kolkata IND"]
[Date "2018.05.21"]
[Round "8.1"]
[White "Sengupta, Deep"]
[Black "Narayanan, Srinath"]
[Result "0-1"]
[WhiteTitle "GM"]
[BlackTitle "GM"]
[WhiteElo "2563"]
[BlackElo "2525"]
[WhiteFideId "5008352"]
[BlackFideId "5018420"]
[EventDate "2018.05.14"]

1. d4 Nf6 2. Bg5 d5 3. e3 c6 4. Bd3 Bg4 5. Ne2 Nbd7 6. f3 Bh5 7. O-O Bg6 8. c4
e6 9. cxd5 Bxd3 10. dxc6 Bxe2 0-1

[Event "3rd Kolkata GM Open 2018"]
[Site "Kolkata IND"]
[Date "2018.05.21"]
[Round "8.2"]
[White "Sandipan, Chanda"]
[Black "Short, Nigel D"]
[Result "1/2-1/2"]
[WhiteTitle "GM"]
[BlackTitle "GM"]
[WhiteElo "2573"]
[BlackElo "2656"]
[WhiteFideId "5004225"]
[BlackFideId "400025"]
[EventDate "2018.05.14"]

1. d4 Nf6 2. c4 e6 3. Nc3 Bb4 4. e3 d5 5. Bd2 O-O 6. Nf3 b6 7. cxd5 exd5 8. Rc1
Bb7 9. Bd3 Nbd7 10. O-O Be7 11. Be1 c5 12. Ne5 cxd4 13. Nxd7 Qxd7 14. Nb5 Rfc8
15. Rxc8+ Rxc8 16. Nxd4 g6 17. f3 Ne8 18. Bb5 Qd8 19. Bxe8 Qxe8 20. Bc3 Ba6 21.
Re1 Bh4 22. g3 Be7 23. Ne2 Bb7 24. Nf4 Qb5 25. Qd4 f6 26. Rd1 Kf7 27. Qd3 Qxd3
28. Rxd3 Rc5 29. Kf2 g5 30. Ne2 Ba6 31. Rd2 Bxe2 32. Kxe2 h5 33. Rd4 f5 34. Ra4 1/2-1/2

[Event "3rd Kolkata GM Open 2018"]
[Site "Kolkata IND"]
[Date "2018.05.21"]
[Round "8.3"]
[White "Shyam, Sundar M."]
[Black "Rozum, Ivan"]
[Result "1-0"]
[WhiteTitle "GM"]
[BlackTitle "GM"]
[WhiteElo "2518"]
[BlackElo "2581"]
[WhiteFideId "5019141"]
[BlackFideId "24104272"]
[EventDate "2018.05.14"]

1. Nf3 g6 2. e4 Bg7 3. d4 d6 4. c3 Nf6 5. Bd3 O-O 6. O-O Nc6 7. d5 Nb8 8. h3 e5
9. dxe6 Bxe6 10. c4 Nc6 11. Nc3 Nd7 12. Bg5 f6 13. Be3 Nde5 14. Nd5 Nxd3 15.
Qxd3 Ne5 16. Nxe5 dxe5 17. Bc5 Rf7 18. Rad1 Rd7 19. Qf3 Kf7 20. Qb3 b6 21. Ba3
Bh6 22. Qb5 Qc8 23. Qc6 Rb8 24. c5 bxc5 25. Qxc5 Qb7 26. Nxf6 Rd6 27. Ng4 Bxg4
28. hxg4 Qc6 29. Qxe5 Re8 30. Rxd6 cxd6 31. Qd5+ Qxd5 32. exd5 Re2 33. Rd1 Ke7
34. Kf1 Rc2 35. Re1+ Kd7 36. Re6 Bf8 37. Re4 Bg7 38. Ra4 a5 39. Ke1 h5 40. gxh5
gxh5 41. Rxa5 Bd4 42. Ra6 Rxf2 43. Rxd6+ Kc7 44. Rc6+ Kb7 45. Rg6 Rc2 46. Kd1
Rf2 47. Ke1 Rc2 48. Rg5 Bxb2 49. Bxb2 Rxb2 50. Kf1 Rxa2 51. Rxh5 Kc7 52. Kg1 Kd6
53. Kh2 Ra8 54. Rf5 Kc5 55. Kg3 Ra4 56. Kh3 Ra8 57. g4 Kd4 58. d6 Rd8 59. g5
Rxd6 60. Kg4 Ke4 61. Ra5 Rc6 62. Kh5 Kf4 63. g6 1-0

[Event "3rd Kolkata GM Open 2018"]
[Site "Kolkata IND"]
[Date "2018.05.21"]
[Round "8.4"]
[White "Tukhaev, Adam"]
[Black "Deepan, Chakkravarthy J."]
[Result "0-1"]
[WhiteTitle "GM"]
[BlackTitle "GM"]
[WhiteElo "2551"]
[BlackElo "2516"]
[WhiteFideId "14109476"]
[BlackFideId "5011132"]
[EventDate "2018.05.14"]

1. e4 c5 2. Nf3 d6 3. d4 cxd4 4. Nxd4 Nf6 5. Nc3 a6 6. h3 e6 7. g4 Be7 8. g5
Nfd7 9. Be3 b5 10. a3 Bb7 11. h4 Nc6 12. Nxc6 Bxc6 13. Qd4 O-O 14. O-O-O Rb8 15.
h5 e5 16. Qd2 f5 17. gxf6 Nxf6 18. Bd3 Kh8 19. Qe2 b4 20. axb4 Rxb4 21. b3 a5
22. Bd2 Qa8 23. Rhg1 a4 24. Nxa4 Rxa4 25. bxa4 d5 26. Bc3 Ba3+ 27. Kd2 d4 28.
Ba1 Bb4+ 29. c3 dxc3+ 30. Bxc3 Bxc3+ 31. Kxc3 Qa5+ 32. Kc4 Bxa4 33. f3 Rc8# 0-1

[Event "3rd Kolkata GM Open 2018"]
[Site "Kolkata IND"]
[Date "2018.05.21"]
[Round "8.5"]
[White "Burmakin, Vladimir"]
[Black "Nihal, Sarin"]
[Result "1/2-1/2"]
[WhiteTitle "GM"]
[BlackTitle "IM"]
[WhiteElo "2528"]
[BlackElo "2551"]
[WhiteFideId "4105109"]
[BlackFideId "25092340"]
[EventDate "2018.05.14"]

1. Nf3 c5 2. c3 Nf6 3. d4 cxd4 4. cxd4 d5 5. Nc3 Nc6 6. Bf4 Ne4 7. e3 Nxc3 8.
bxc3 e6 9. Bd3 Bd6 10. Bxd6 Qxd6 11. O-O O-O 12. Rc1 b6 13. c4 dxc4 14. Rxc4 Bb7
15. Qb1 Na5 16. Rc3 g6 17. Rfc1 Rac8 18. Nd2 Rxc3 19. Rxc3 e5 20. dxe5 Qxe5 21.
Qc2 Rd8 22. Be2 h5 23. h3 Rd7 24. Nf3 Bxf3 25. Bxf3 Nb7 26. Rc8+ Kg7 27. Qa4
Qa1+ 28. Kh2 Qe5+ 29. Kg1 Qa1+ 30. Kh2 Qe5+ 31. Kg1 Qa1+ 1/2-1/2

[Event "3rd Kolkata GM Open 2018"]
[Site "Kolkata IND"]
[Date "2018.05.21"]
[Round "8.7"]
[White "Laxman, R.R."]
[Black "Gupta, Abhijeet"]
[Result "0-1"]
[WhiteTitle "GM"]
[BlackTitle "GM"]
[WhiteElo "2444"]
[BlackElo "2619"]
[WhiteFideId "5005361"]
[BlackFideId "5010608"]
[EventDate "2018.05.14"]

1. Nf3 Nf6 2. d4 g6 3. g3 Bg7 4. Bg2 O-O 5. O-O d5 6. Bf4 c6 7. c3 Bf5 8. Qb3
Qb6 9. Nbd2 Ne4 10. Nxe4 Bxe4 11. Bh3 Bxf3 12. exf3 e6 13. Bd6 Rd8 14. Qxb6 axb6
15. Bc7 Re8 16. Bxb6 Nd7 17. Bc5 Nxc5 18. dxc5 Ra5 19. f4 Rxc5 20. Rfd1 Ra8 21.
Bf1 Rca5 22. a3 c5 23. Rac1 c4 24. Rc2 Kf8 25. g4 Bh6 26. f5 gxf5 27. gxf5 e5
28. Bg2 Rd8 29. b3 cxb3 30. Rb2 Rxa3 31. c4 Bg7 32. Rxd5 Rxd5 33. Bxd5 e4 34.
Rb1 b2 35. Bxb7 Rc3 36. Bxe4 Bf6 37. Kg2 Rxc4 38. f3 Rc1 39. Kg3 Ke7 40. Kg4 Kd6
41. Kh5 Kc5 42. Kh6 Kb4 0-1

[Event "3rd Kolkata GM Open 2018"]
[Site "Kolkata IND"]
[Date "2018.05.21"]
[Round "8.8"]
[White "Das, Sayantan"]
[Black "Amonatov, Farrukh"]
[Result "1/2-1/2"]
[WhiteTitle "IM"]
[BlackTitle "GM"]
[WhiteElo "2437"]
[BlackElo "2608"]
[WhiteFideId "5034426"]
[BlackFideId "14700077"]
[EventDate "2018.05.14"]

1. e4 c5 2. Nf3 d6 3. d4 cxd4 4. Nxd4 Nf6 5. Nc3 a6 6. Be2 e5 7. Nf3 Be7 8. Bg5
Be6 9. Bxf6 Bxf6 10. Nd5 Nd7 11. O-O Rc8 12. a4 O-O 13. Nd2 Bxd5 14. exd5 Be7
15. a5 f5 16. c4 e4 17. Nb3 Bf6 18. Nd4 Bxd4 19. Qxd4 Qg5 20. f4 exf3 21. Bxf3
Ne5 22. b3 Rce8 23. Kh1 Nxf3 24. Rxf3 Re2 25. Rf2 Rfe8 26. Rg1 Re1 27. Qd2 Qxd2
28. Rxd2 Kf7 29. Rf2 Kg6 30. Rf3 R1e3 31. Rxe3 Rxe3 32. Rb1 f4 33. Kg1 Kf5 34.
b4 Rd3 35. b5 Rc3 36. bxa6 bxa6 37. Rb6 Ke5 38. Rxa6 Rxc4 39. Ra7 g5 40. Rxh7 g4
41. Rg7 Rc1+ 42. Kf2 Rc2+ 43. Kg1 Rc1+ 44. Kf2 Rc2+ 45. Kg1 Rc1+ 1/2-1/2

[Event "3rd Kolkata GM Open 2018"]
[Site "Kolkata IND"]
[Date "2018.05.21"]
[Round "8.9"]
[White "Tran, Tuan Minh"]
[Black "Raghunandan, Kaumandur Srihari"]
[Result "0-1"]
[WhiteTitle "GM"]
[BlackTitle "IM"]
[WhiteElo "2512"]
[BlackElo "2400"]
[WhiteFideId "12401820"]
[BlackFideId "25004964"]
[EventDate "2018.05.14"]

1. d4 Nf6 2. c4 g6 3. Nc3 Bg7 4. e4 d6 5. Bd3 O-O 6. Nge2 c5 7. d5 e6 8. Bg5 h6
9. Bh4 exd5 10. exd5 Nbd7 11. f4 g5 12. fxg5 Ng4 13. O-O hxg5 14. Bg3 Nde5 15.
Bxe5 Bxe5 16. Ng3 Bxg3 17. hxg3 f5 18. Qd2 Bd7 19. Rae1 Qf6 20. Ne4 Qd4+ 21. Nf2
Qg7 22. Nh3 Ne5 23. Be2 g4 24. Nf4 Rae8 25. Qa5 Nxc4 26. Bxc4 Qd4+ 27. Kh2 Qh8+
28. Kg1 Qd4+ 29. Rf2 b6 30. Rxe8 bxa5 31. Rxf8+ Kxf8 32. b3 a4 33. Bb5 Ke7 34.
Bc6 axb3 35. axb3 Kd8 36. Bb5 Qe3 37. Bc4 Qxg3 38. Ne2 Qe3 39. Kf1 Kc7 40. g3
Kb6 41. Kg2 Bb5 0-1

[Event "3rd Kolkata GM Open 2018"]
[Site "Kolkata IND"]
[Date "2018.05.21"]
[Round "8.10"]
[White "Ravi, Teja S."]
[Black "Neverov, Valeriy"]
[Result "1/2-1/2"]
[WhiteTitle "IM"]
[BlackTitle "GM"]
[WhiteElo "2338"]
[BlackElo "2496"]
[WhiteFideId "5017220"]
[BlackFideId "14100150"]
[EventDate "2018.05.14"]

1. Nf3 Nf6 2. d4 g6 3. g3 c5 4. Bg2 Bg7 5. O-O cxd4 6. Nxd4 Nc6 7. c4 Qb6 8. Nb3
d6 9. Nc3 Be6 10. Be3 Qa6 11. c5 d5 12. Nd4 O-O 13. Nxe6 fxe6 14. Bh3 d4 15.
Bxd4 Rad8 16. e3 e5 17. Qb3+ Kh8 18. Nb5 exd4 19. Nc7 Qe2 20. Ne6 Qh5 21. Bg2 d3
22. Nxd8 Nxd8 1/2-1/2

[Event "3rd Kolkata GM Open 2018"]
[Site "Kolkata IND"]
[Date "2018.05.21"]
[Round "8.11"]
[White "Rahman, Ziaur"]
[Black "Sangma, Rahul"]
[Result "1/2-1/2"]
[WhiteTitle "GM"]
[BlackTitle "IM"]
[WhiteElo "2495"]
[BlackElo "2295"]
[WhiteFideId "10200037"]
[BlackFideId "5013615"]
[EventDate "2018.05.14"]

1. d4 d5 2. Nf3 Nf6 3. Bf4 c5 4. e3 Nc6 5. Nbd2 Qb6 6. dxc5 Qxb2 7. Rb1 Qc3 8.
Bb5 Qxc5 9. c4 a6 10. Bxc6+ bxc6 11. O-O e6 12. Qa4 Be7 13. cxd5 exd5 14. Rfc1
Qa7 15. Ne5 O-O 16. Nxc6 Qd7 17. Bg5 h6 18. Nxe7+ Qxe7 19. Qc6 Be6 20. Bxf6 Qxf6
21. Qb6 d4 22. exd4 Rfd8 23. Nf3 Bxa2 24. Qxf6 gxf6 25. Ra1 Bd5 26. Nd2 Be6 27.
Ra4 Bd7 28. Ra5 Bb5 29. Nb3 Rac8 30. Rxc8 Rxc8 31. f3 Rd8 32. Kf2 Bc4 33. Nd2
Rxd4 34. Ne4 Bb5 35. Nxf6+ Kg7 36. Ne4 Ra4 37. Rxa4 1/2-1/2

[Event "3rd Kolkata GM Open 2018"]
[Site "Kolkata IND"]
[Date "2018.05.21"]
[Round "8.12"]
[White "Aradhya, Garg"]
[Black "Harsha, Bharathakoti"]
[Result "0-1"]
[BlackTitle "IM"]
[WhiteElo "2230"]
[BlackElo "2463"]
[WhiteFideId "25006746"]
[BlackFideId "5078776"]
[EventDate "2018.05.14"]

1. d4 d5 2. c4 e6 3. Nf3 Nf6 4. Nc3 a6 5. c5 b6 6. cxb6 cxb6 7. Bf4 Bb7 8. e3
Be7 9. Bd3 Nbd7 10. O-O O-O 11. h3 b5 12. a4 b4 13. Ne2 a5 14. Nc1 Ne4 15. Bb5
Bd6 16. Nd3 Bxf4 17. exf4 Ba6 18. Nde5 Nxe5 19. dxe5 Bxb5 20. axb5 Qb6 21. Nd4
a4 22. Qd3 a3 23. bxa3 Rxa3 24. Rxa3 bxa3 25. Ra1 Qc5 26. Kh2 Nxf2 27. Qe3 Ne4
28. Rxa3 h6 29. Ra6 Rb8 30. Rc6 Qb4 31. b6 Nd2 32. Qd3 Nc4 33. Nxe6 fxe6 34. Qg6
Nxb6 35. Qxe6+ Kh8 36. Qf7 Nd7 37. e6 Nf6 38. Qc7 Re8 39. Rb6 Qe1 40. Rb7 Rg8
41. e7 Qe4 42. Qe5 Re8 43. Qd6 Kh7 44. g4 Qe2+ 45. Kg1 Qd1+ 46. Kg2 Qd2+ 47. Kf1
Ne4 48. Qb6 Rc8 49. Rc7 Rxc7 0-1

[Event "3rd Kolkata GM Open 2018"]
[Site "Kolkata IND"]
[Date "2018.05.21"]
[Round "8.13"]
[White "Nguyen, Van Huy"]
[Black "Sahoo, Utkal Ranjan"]
[Result "1-0"]
[WhiteTitle "IM"]
[WhiteElo "2462"]
[BlackElo "2281"]
[WhiteFideId "12401064"]
[BlackFideId "5034566"]
[EventDate "2018.05.14"]

1. d4 Nf6 2. c4 e6 3. Nf3 d5 4. g3 Bb4+ 5. Bd2 Be7 6. Bg2 O-O 7. O-O c6 8. Qc2
Nbd7 9. Rd1 b6 10. b3 Ba6 11. a4 Rc8 12. a5 c5 13. axb6 Qxb6 14. Qa2 Bb7 15. Ba5
Qa6 16. Qb2 dxc4 17. bxc4 Bxf3 18. Bxf3 Qxc4 19. Nd2 Qxd4 20. Qb7 c4 21. Ne4 Qe5
22. Nxf6+ Bxf6 23. Qxd7 c3 24. Rdc1 c2 25. Ra2 Bg5 26. e3 Bxe3 27. Rcxc2 Rxc2
28. Rxc2 Bxf2+ 29. Rxf2 Qxa5 30. Kg2 g6 31. Bg4 Qb4 32. Bf3 a5 33. Qa7 a4 34.
Ra2 Rd8 35. Qxa4 Qc3 36. Qc2 Qe3 37. Qf2 Qc3 38. h4 h5 39. Rc2 Qe5 40. Qe2 Qa5
41. Qe3 Kg7 42. Rf2 Rd7 43. Bc6 Rc7 44. Qd4+ Kh7 45. Qd8 Qe5 46. Bf3 Ra7 47. Qf8
Qg7 48. Qc5 Qa1 49. Qc4 Qe5 50. Re2 Qf6 51. Qb3 Rc7 52. Rf2 Qe5 53. Qb8 Kg7 54.
Bc6 Qd6 55. Qb2+ Kh7 56. Be4 Ra7 57. Qf6 Qe7 58. Qe5 Kg8 59. Rb2 Rd7 60. Bc6 Rd8
61. Rb7 Qf8 62. Bd7 Qe7 63. Bc6 Qf8 64. Qf4 Qg7 65. Bd7 Qc3 66. Rc7 Qb2+ 67. Kh3
Qa1 68. Bc6 Qg7 69. Qg5 Rf8 70. Be4 Qa1 71. Qf4 Qg7 72. Bg2 Qa1 73. Bf1 Kg7 74.
Bg2 Kg8 75. Rc5 Kg7 76. Qf3 Qf6 77. Qe2 Rb8 78. Qe5 Qxe5 79. Rxe5 Rb2 80. Ra5
Rf2 81. Kh2 Rb2 82. Ra3 Rc2 83. Kg1 Rb2 84. Bf3 Kf6 85. Re3 Ra2 86. Be2 Rb2 87.
Kf2 Rb4 88. Rf3+ Kg7 89. Ke3 Rb3+ 90. Bd3 f5 91. Kd4 Kf6 92. Kc4 Ra3 93. Kb4 Ra1
94. Bc4 e5 95. Kc5 Rg1 96. Ra3 f4 97. gxf4 exf4 98. Kd4 Rh1 99. Ra6+ Kf5 100.
Be6+ 1-0

[Event "3rd Kolkata GM Open 2018"]
[Site "Kolkata IND"]
[Date "2018.05.21"]
[Round "8.14"]
[White "Vishnu Prasanna, V"]
[Black "Nguyen, Phuoc Tam"]
[Result "1-0"]
[WhiteTitle "GM"]
[WhiteElo "2532"]
[BlackElo "2210"]
[WhiteFideId "5030692"]
[BlackFideId "12402109"]
[EventDate "2018.05.14"]

1. e4 g6 2. d4 Bg7 3. Nc3 d6 4. f4 a6 5. Nf3 Nd7 6. Bc4 e6 7. f5 Nb6 8. Bb3 exf5
9. O-O d5 10. exd5 Nf6 11. Qe1+ Kf8 12. Qh4 h6 13. Ne5 g5 14. Qh3 Ne8 15. Bd2
Nd6 16. Rae1 Nd7 17. Nd1 Nf6 18. c4 Nde4 19. Bb4+ Kg8 20. c5 a5 21. d6 Be6 22.
Nxf7 Bxf7 23. Bxf7+ Kxf7 24. Qxf5 Re8 25. Rxe4 Rxe4 26. Qxe4 axb4 27. Qxb7 Kg6
28. dxc7 Qc8 29. Qf3 Ra7 30. Qd3+ Kf7 31. Ne3 Rxc7 32. Nd5 Rc6 33. Nxb4 Re6 34.
Nd5 Qd8 35. Ne3 Qa8 36. Qb3 Qe4 37. Nf5 Kg6 38. Qb8 Ng4 39. Qg8 Re7 40. Qd5 Kh7
41. Qxe4 Rxe4 1-0

[Event "3rd Kolkata GM Open 2018"]
[Site "Kolkata IND"]
[Date "2018.05.21"]
[Round "8.15"]
[White "Karthikeyan, Murali"]
[Black "Rathnakaran, K."]
[Result "1-0"]
[WhiteTitle "GM"]
[BlackTitle "IM"]
[WhiteElo "2617"]
[BlackElo "2377"]
[WhiteFideId "5074452"]
[BlackFideId "5005507"]
[EventDate "2018.05.14"]

1. e4 e6 2. d4 d5 3. Nd2 Nf6 4. e5 Nfd7 5. Bd3 c5 6. c3 b6 7. Ne2 Ba6 8. Bxa6
Nxa6 9. Nf4 Qc7 10. O-O cxd4 11. cxd4 Nb4 12. Nf3 Qc2 13. Bd2 Qxd1 14. Rfxd1 Nc6
15. Rdc1 Rc8 16. b4 b5 17. a4 bxa4 18. Rxa4 Nb6 19. Raa1 Nxb4 20. Rxa7 Nc6 21.
Rb7 Nc4 22. Nh5 Nd8 23. Ra7 Nc6 24. Ra6 Kd7 25. Be3 Bb4 26. h3 Ba5 27. Nxg7 h5
28. Bg5 Rh7 29. Bf6 Rg8 30. Nf5 exf5 31. Rxc4 dxc4 32. d5 Bd8 33. dxc6+ Kc7 34.
Nd4 Kb8 35. Nb5 Bc7 36. Ra7 1-0

[Event "3rd Kolkata GM Open 2018"]
[Site "Kolkata IND"]
[Date "2018.05.21"]
[Round "8.16"]
[White "Kaustuv, Kundu"]
[Black "Vignesh, N R"]
[Result "1/2-1/2"]
[BlackTitle "IM"]
[WhiteElo "2360"]
[BlackElo "2485"]
[WhiteFideId "5056900"]
[BlackFideId "25012215"]
[EventDate "2018.05.14"]

1. Nf3 d5 2. g3 Nf6 3. Bg2 c6 4. c4 Bg4 5. Ne5 Be6 6. cxd5 Bxd5 7. Nf3 e5 8. Nc3
Nbd7 9. O-O Bxf3 10. Bxf3 Bc5 11. Rb1 a5 12. a3 Qe7 13. b4 axb4 14. axb4 Bxb4
15. Qb3 Bxc3 16. Qxc3 e4 17. Bg2 Ra7 18. d3 exd3 19. exd3 O-O 20. Re1 Qc5 21.
Qxc5 Nxc5 22. Be3 Ra5 23. d4 Ne6 24. Rxb7 Nd5 25. Rc1 Rfa8 26. Rbb1 Nd8 27. Bg5
Ne6 28. Be3 Nd8 29. Bg5 Ne6 30. Be3 Rc8 31. Bd2 Raa8 32. Rc4 h6 33. Rbc1 Rd8 34.
Be3 Ne7 1/2-1/2

[Event "3rd Kolkata GM Open 2018"]
[Site "Kolkata IND"]
[Date "2018.05.21"]
[Round "8.17"]
[White "Iniyan, P"]
[Black "Rajdeep, Sarkar"]
[Result "1-0"]
[WhiteTitle "IM"]
[BlackTitle "FM"]
[WhiteElo "2469"]
[BlackElo "2355"]
[WhiteFideId "25002767"]
[BlackFideId "25007963"]
[EventDate "2018.05.14"]

1. d4 e6 2. c4 b6 3. a3 Bb7 4. Nc3 Nf6 5. d5 d6 6. e4 Nbd7 7. Be3 g6 8. f3 h5 9.
Qd2 h4 10. Nh3 Nh5 11. Be2 a6 12. O-O-O Bg7 13. Kb1 Qe7 14. Rhe1 Kf8 15. Rg1 Kg8
16. dxe6 fxe6 17. Bg5 Bf6 18. f4 Bxg5 19. Nxg5 Nhf6 20. e5 dxe5 21. Qd3 Rh6 22.
fxe5 Nxe5 23. Qe3 Neg4 24. Bxg4 Nxg4 25. Qf4 Nf2 26. Rdf1 Rf8 27. Qe3 Rh5 28.
Qxe6+ Qxe6 29. Nxe6 Rff5 30. Nxc7 Ne4 31. Kc2 Rxf1 32. Rxf1 Nxc3 33. Kxc3 Bxg2
34. Rf6 Be4 35. Kd4 Bb1 36. Rxb6 Rg5 37. Nd5 Rg2 38. h3 Rg3 39. c5 Rxh3 40. c6
Kg7 41. c7 Bf5 42. Rxg6+ Bxg6 43. c8=Q Rd3+ 44. Ke5 h3 45. Qc7+ Bf7 46. Ne7 h2
47. Nf5+ Kf8 48. Kf6 1-0

[Event "3rd Kolkata GM Open 2018"]
[Site "Kolkata IND"]
[Date "2018.05.21"]
[Round "8.18"]
[White "Khusenkhojaev, Muhammad"]
[Black "Srijit, Paul"]
[Result "1-0"]
[WhiteTitle "IM"]
[WhiteElo "2456"]
[BlackElo "2347"]
[WhiteFideId "14700247"]
[BlackFideId "5094798"]
[EventDate "2018.05.14"]

1. Nf3 f5 2. c4 Nf6 3. g3 g6 4. Bg2 Bg7 5. O-O O-O 6. Nc3 d6 7. d4 Nc6 8. d5 Na5
9. Qa4 c5 10. dxc6 Nxc6 11. Rd1 Ne4 12. Ng5 Nc5 13. Qc2 h6 14. Nf3 Nb4 15. Qb1
Bd7 16. Be3 Rc8 17. Qc1 Kh7 18. Qd2 Be6 19. b3 Bf7 20. Rab1 a5 21. Nd4 Rb8 22.
a3 Nba6 23. b4 axb4 24. axb4 Nd7 25. Bd5 Nc7 26. Bxf7 Rxf7 27. Nd5 Ne5 28. Qa2
Kg8 29. Nf4 Ra8 30. Qb3 Qd7 31. c5 Qa4 32. Nde6 Qxb3 33. Rxb3 Nxe6 34. Nxe6 Nc4
35. Bf4 g5 36. Rc1 Ra1 37. Rxa1 Bxa1 38. Bc1 Rh7 39. Rf3 dxc5 40. Rxf5 Rf7 41.
Rxc5 Nd6 42. Rc7 b5 43. Be3 Be5 44. Kg2 Ne4 45. Rb7 Nc3 46. Nd4 Bd6 47. Bd2 Bxb4
48. Nc6 Bc5 49. Bxc3 Rxf2+ 50. Kh3 Rxe2 51. Rxb5 Bg1 52. Rb2 Re4 53. Ne5 h5 54.
Kg2 Bd4 55. Bxd4 Rxd4 56. Re2 Rd5 57. Nc6 Rc5 58. Nd4 Kf7 59. Nf3 Kf6 60. h4
gxh4 61. Nxh4 e5 62. Nf3 Kf5 63. Kh3 e4 64. Nd2 Re5 65. Kh4 Re8 66. Rxe4 1-0